Normal view
MARC view
- Valentine, Daniel T.,
Entry Personal Name
001 - CONTROL NUMBER
- control field: 19069
003 - CONTROL NUMBER IDENTIFIER
- control field: NUST
005 - DATE AND TIME OF LATEST TRANSACTION
- control field: 20190805062047.0
008 - FIXED-LENGTH DATA ELEMENTS
- fixed length control field: 190805|| aca||aabn | a|a d
040 ## - CATALOGING SOURCE
- Original cataloging agency: NUST
- Transcribing agency: NUST
100 ## - HEADING--PERSONAL NAME
- Personal name: Valentine, Daniel T.,
- Dates associated with a name: 1946-
- Relator term: author.
670 ## - SOURCE DATA FOUND
- Source citation: Work cat.: (NUST)0: Hahn, Brian D., author. 19068, ESSENTIAL MATLAB FOR ENGINEERS AND SCIENTISTS /
